000 00358 a2200133 4500
082 _a297.14
090 _c5914
_d5914
100 _aLudhyanwi, M. Yousaf
245 _aAap kay massael aur un ka hal, Vol.9
_cM. Yousaf Ludhyanwi
_hUrdu
260 _aKarachi:
_bMaqtaba Ludhyanwi,
_c1995.
300 _a419 p. ;
_c21 cm.
650 _aIslam
942 _cBK
_k297.14 LOD
999 _c9752
_d9752